• 首页
  • 本馆介绍
  • 公告通知
  • 最新文献
  • 馆藏检索
  • 电子资源
  • 读者导购
  • 参考咨询
  • 我的图书馆
  • 登录
  • 详细信息显示
  • 放入我的书架
  • 预约/预借图书
  • 作者相关作品
  • 分类相关作品
  • 丛书相关作品
  • 出版社相关作品

书目信息

  • 表格格式
  • 工作单格式
  • 卡片格式
题名:
精确作战
    
 
作者: 宁凌 , 向松波 , 张军胜 编著
分册:  
出版信息: 北京   军事谊文出版社  2006
页数: 276页
开本: 20cm
丛书名: 新理念战争丛书
单 册:
中图分类: E919
科图分类:
主题词: 高技术常规战争--研究--Gao Ji Shu Chang Gui Zhan Zheng , 军事技术--基础科学
电子资源:
ISBN: 7-80150-528-X
000 01193nam0 2200349 450
000 01156nam0 2200337 450
000 01310nam0 2200349 450
000 01256nam0 2200325 450
000 01274nam0 2200313 450
000 01237nam0 2200301 45
001 0195145390
005 20061210144803.09
010    @a7-80150-528-X@dCNY19.00
100    @a20060829d ekmy0chiy0110 ea
101 0  @achi
102    @aCN@b110000
105    @ay z 000yy
200 1  @a精确作战@Ajing que zuo zhan@f宁凌,向松波,张军胜编著@FNing Ling, Xiang Song Bo, Zhang Jun Sheng Bian Zhu
210    @a北京@c军事谊文出版社@d2006
215    @a276页@d20cm
225 2  @a新理念战争丛书@AXin Li Nian Zhan Zheng Cong Shu
410  0 @12001 @a新理念战争丛书
606 0  @a高技术常规战争@x研究@AGao Ji Shu Chang Gui Zhan Zheng
606 0  @a军事技术@x基础科学
690    @aE919@v3
701  0 @a宁凌@Aning ling@4编著
701  0 @a向松波@Axiang song bo@4编著
701  0 @a张军胜@AZhang Jun Sheng@4编著@AZhang Jun Sheng
801  2 @aCN@b中图数据@c20061210
905    @a10447@dE919@e9
    
    精确作战/宁凌,向松波,张军胜编著.-北京:军事谊文出版社,2006
    276页;20cm.-(新理念战争丛书)
    
    
    ISBN 7-80150-528-X:CNY19.00
    
●
相关链接 在E读中查询图书 在五车中查询图书 在当当中查询图书 在豆瓣中查询图书


正题名:精确作战     索取号:E919/9         预约/预借

序号 登录号 条形码 馆藏地/架位号 状态 备注
1 0607277   206072774   第一样本阅览室/ [索取号:E919/9] 在馆    
2 0607278   206072783   第一借阅区/ [索取号:E919/9] 在馆    
3 0607279   206072792   第一借阅区/ [索取号:E919/9] 在馆    
4 0607280   206072809   第一借阅区/ [索取号:E919/9] 在馆    
5 0607281   206072818   第一借阅区/ [索取号:E919/9] 在馆    
唐山师范学院图书馆 欢迎您!
大连网信软件有限公司© 版权所有